Most popular countries of the World - Statistics

General Stats
  • This quiz has been taken 34 times
  • The average score is 16 of 22
Answer Stats
Miles Answer % Correct
93,628 United Kingdom
100%
3,747,877 China
97%
248,573 France
97%
137,988 Germany
97%
6,601,665 Russia
97%
3,287,955 Brazil
94%
1,269,345 India
94%
116,348 Italy
94%
3,618,783 United States
94%
3,855,101 Canada
90%
758,449 Mexico
90%
195,364 Spain
90%
2,969,906 Australia
84%
145,920 Japan
84%
390,100 Egypt
74%
38,691 South Korea
61%
50,949 Greece
52%
735,358 Indonesia
52%
830,000 Saudi Arabia
35%
340,509 Pakistan
32%
13,974 Taiwan
29%
92,046 Romania
3%
No matching quizzes found
Score Distribution
Percent of People with Each Score
Percentile by Number Answered
Your Score History
You have not taken this quiz